000 004880000a22001810004500
003 MACL
005 20151004152220.0
008 151004b xxu||||| |||| 00| 0 eng d
040 _aMACL
_cMACL
041 _aEnglish
082 _a910/CHO
100 _aChongtham, Samarendra
_913725
245 _aLand of The Rising Sun
_bNumitna Thorakpham Japan Urubada
260 _bAkansha Publishing House
_c2008
_aNew Delhi
350 _a600
650 _aTravel
_913726
942 _cBK
_k910/CHO
_2ddc
999 _c42710
_d42710